Spell the Marvel Character #3 - Statistics

General Stats
  • This quiz has been taken 134 times
  • The average score is 6 of 6
Answer Stats
Picture Answer % Correct
Thor
100%
Ant-Man
98%
Rocket Raccoon
98%
Gamora
96%
Invisible Woman
96%
Tigra
85%
No matching quizzes found
Score Distribution
Percent of People with Each Score
Percentile by Number Answered
Your Score History
You have not taken this quiz